000 00648nam a22001697a 4500
082 _a621.3
100 _aAhmed, Bilal ; Dar, Khazal ; Shairi, M. Usman ; Ahsan, Abdul Aleem
245 _aInflation and Private Sector /
_cBilal Ahmed ; Khazal Dar ; M. Usman Shairi ; Abdul Aleem Ahsan
260 _aIslamabad :
_bSEECS - NUST,
_c2012.
300 _a61 p. ;
_c30cm.
563 _aHBK.
650 _aElectrical(Electronics) Engineering-Project Report
_992172
700 _aMr. Muhammad Yousaf
_931155
856 _uhttp://10.250.8.41:8080/xmlui/handle/123456789/28682
942 _2ddc
_cPR
999 _c536263
_d536263